[Event "ROM-ch"]
[Site "Bucharest"]
[Date "1998.12.13"]
[Round "6"]
[White "Dumitrache, Dragos Nicolae"]
[Black "Danilov, Ilie Vladimir"]
[Result "1-0"]
[WhiteElo "2420"]
[BlackElo "2335"]
[Annotator "Baburin,A"]
[PlyCount "47"]
[EventDate "1998.12.08"]
[EventType "tourn"]
[EventRounds "15"]
[EventCountry "ROU"]
[EventCategory "9"]
[SourceTitle "CBM 069"]
[Source "ChessBase"]
[SourceDate "1999.04.01"]
[SourceVersion "1"]
[SourceVersionDate "1999.04.01"]
[SourceQuality "1"]

1. d4 d5 2. c4 e6 3. Nc3 c6 4. Nf3 dxc4 5. a4 Bb4 6. e3 b5 7. Bd2 Bb7 8. axb5
Bxc3 9. Bxc3 cxb5 10. b3 a5 11. bxc4 b4 12. Bb2 Nf6 13. Bd3 O-O 14. O-O Nbd7
15. Qc2 Qc7 16. e4 e5 17. c5 Qc6 18. dxe5 b3 19. Qd2 Ne8 20. Rfc1 Qg6 21. Rxa5
Nc7 22. Rxa8 Rxa8 {[%tqu "En","Black does not have any compensation for the
two pawns and therefore he is clearly lost. How would you finish him off?","",
"","c5c6","",5]} 23. c6 $1 {This simple tactic works.} Bxc6 24. e6 $1 {Black
resigned because of 24...Qxe6 25 Nd4.} 1-0

[Event "EU-ch 17th"]
[Site "Gjakova"]
[Date "2016.05.13"]
[Round "2"]
[White "Wojtaszek, Radoslaw"]
[Black "Saric, Ante"]
[Result "1-0"]
[WhiteElo "2722"]
[BlackElo "2594"]
[Annotator "Baldauf,M"]
[PlyCount "71"]
[EventDate "2016.05.12"]
[EventType "swiss"]
[EventRounds "11"]
[EventCountry "KOS"]
[SourceTitle "CBM 173"]
[Source "ChessBase"]
[SourceDate "2016.07.12"]
[SourceVersion "1"]
[SourceVersionDate "2016.07.12"]
[SourceQuality "1"]
[TimeControl "6000+1555"]
[WhiteClock "0:10:55"]
[BlackClock "0:00:37"]

1. c4 e6 2. Nc3 d5 3. d4 Be7 4. cxd5 exd5 5. Bf4 c6 6. Qc2 Nf6 7. h3 Qa5 8. Bd2
O-O 9. e3 Qd8 10. Bd3 b6 11. Nf3 c5 12. dxc5 bxc5 13. b3 Nc6 14. Na4 Nb4 15.
Bxb4 cxb4 16. Nd4 Bd7 17. Bb5 Rc8 18. Qd3 Ne4 19. O-O Nc3 20. Nxc3 Rxc3 21. Qe2
Bf6 22. Rad1 Qe7 23. Bxd7 Qxd7 24. Qa6 Rfc8 25. Rd2 Rc1 26. Rfd1 {Saric hat
gegen seinen deutlich favorisierten Gegner bisher sehr gut mitgehalten. Die
aktiven schwarzen Figuren kompensieren die bessere weiße Struktur, die
potentiellen Schwächen d5,b4 und a7 sind gut überdeckt.} h5 $6 {Diagramm [#]
Diese logisch anmutende Zug wird im Laufe eine weitere Schwäche, der schwarze
König wird geschwächt.} (26... h6 {ist etwas bescheidener, doch weniger
riskant.} 27. Qf1 Rxd1 28. Qxd1 Rc5 29. Ne2 Qc6 $1 30. Kh2 Be5+ $11) 27. Qf1
R1c5 (27... Rxd1 28. Qxd1 {der Bauernvorstoß h5 kostet hier ein wichtiges
Tempo} g6 29. Ne2 Rc5 30. e4 $1 d4 31. f4 $14) 28. Qe2 g6 29. Qf3 Kg7 {Saric
hat so den weißen Springer ersteinmal das Feld f5 genommen, doch dieser wird
nun nach f4 umgruppiert} 30. Ne2 $1 Rc2 $6 {bricht die Brücken bereits ab} (
30... Rd8 {mit passiven Zügen war die unangenehme Stellung schon nicht mehr
im Gleichgewicht zu halten} 31. Nf4 d4 32. Ne2 Rf5 33. Qe4 Rg5 $1 34. Kh1 Qd5
35. Qxd5 Rgxd5 36. Nxd4 Bxd4 37. exd4 $14) 31. Rxd5 Qb7 32. Nf4 {nun erweist
sich der schwarze König als äußerst gefährdet} R8c7 {Diagramm [#]} 33.
Nxh5+ $1 gxh5 34. Qg3+ Kh6 35. Rd6 R2c6 36. Qf4+ 1-0

[Event "Vienna op-A"]
[Site "Vienna"]
[Date "2016.08.18"]
[Round "3"]
[White "Voege, Tobias"]
[Black "Buhmann, Rainer"]
[Result "1/2-1/2"]
[WhiteElo "2346"]
[BlackElo "2641"]
[Annotator "Baldauf,M"]
[PlyCount "55"]
[EventDate "2016.08.16"]
[EventType "swiss"]
[EventRounds "9"]
[EventCountry "AUT"]
[SourceTitle "CBM 173 Extra"]
[Source "ChessBase"]
[SourceDate "2016.08.29"]
[SourceVersion "1"]
[SourceVersionDate "2016.08.29"]
[SourceQuality "1"]

1. d4 d5 2. c4 e6 3. Nc3 c6 4. e4 dxe4 5. Nxe4 Bb4+ 6. Bd2 Qxd4 7. Bxb4 Qxe4+
8. Be2 Na6 9. Bc3 Ne7 10. Nf3 f6 11. O-O O-O 12. b4 Ng6 13. g3 e5 14. Nd2 Qf5 {
Diagramm [#] soweit war Buhmann mit seinem Spiel noch zufrieden, nun schlichen
sich kleinere wie größere Übersehen ein und bereits fünf Züge später musste
die Notbremse "Remisangebot" herhalten.} 15. b5 Nc5 $6 (15... cxb5 16. cxb5 Nc7
$44 {und Weiß hat eine für diese Variante typische Kompensation für den Bauern}
) 16. Bb4 b6 17. Bf3 Rd8 $2 (17... Be6 {wäre noch das kleinere Übel gewesen}
18. Bxc5 bxc5 19. Be4 Qh3 20. Bxc6 $14) 18. bxc6 e4 19. Bg2 Qe6 $2 {danach
fällt die schwarze Stellung komplett auseinander} 20. c7 Rd4 21. Bxc5 bxc5 22.
Bxe4 Rxe4 {Diagramm [#] und bei knapper Zeit und einem etwas mulmigen Gefühl
auf den weißen Feldern um den eigenen König akzeptierte Voege das Remis. Nach}
23. Nxe4 Qxe4 {gewinnt allerdings bereits vieles - am deutlichsten zu sehen in
der Variante} 24. Re1 Qc6 25. Rb1 (25. Qd8+ $2 Kf7 $13 {[%cal Gc8h3]}) 25...
Ne5 (25... Qxc7 26. Qd5+ Kf8 27. Qxa8) 26. Rxe5 fxe5 27. Qd5+ Qxd5 28. cxd5 $18
1/2-1/2

[Event "Pardubice"]
[Site "Pardubice"]
[Date "1994.??.??"]
[Round "1"]
[White "Bareev, Evgeny"]
[Black "Georgiev, Kiril"]
[Result "1-0"]
[WhiteElo "2685"]
[BlackElo "2615"]
[Annotator "Bareev,E"]
[PlyCount "93"]
[EventDate "1994.07.??"]
[EventType "tourn"]
[EventRounds "9"]
[EventCountry "CZE"]
[EventCategory "15"]
[SourceTitle "CBM 042"]
[Source "ChessBase"]
[SourceDate "1994.10.01"]
[SourceVersion "1"]
[SourceVersionDate "1994.10.01"]
[SourceQuality "1"]

1. d4 d5 2. c4 e6 3. Nc3 Be7 4. cxd5 exd5 5. Bf4 c6 6. e3 Bf5 7. Nge2 Nf6 (7...
Nd7 8. Ng3 Bg6) 8. Ng3 Be6 (8... Bg6 9. h4 Qb6 $1 10. Qd2 h5 $13) 9. Bd3 g6 $1
10. O-O O-O 11. h3 Nbd7 $2 (11... Re8 $1 12. Bh6 Kh8 $1) 12. Bh6 Re8 13. f4 Bf8
14. Bxf8 $1 (14. Bg5 h6 15. Bh4 Bg7 16. f5 g5 17. fxe6 fxe6 18. Bxg5 hxg5 19.
Nh5) 14... Nxf8 15. f5 $2 (15. Qf3 $1 Bc8 16. f5) 15... gxf5 16. Bxf5 (16. Qf3
Ne4 17. Nxf5 Bxf5 $1 18. Qxf5 Nd6 19. Qg4+ Ng6 20. Rae1 Qh4 21. Bxg6 Qxg4 $10)
16... Ng6 17. Bc2 $1 (17. Qf3 Nh4 18. Qf4 Nxf5 19. Nxf5 Bxf5 20. Qxf5 Re6 21.
Rf3 Qe7 22. Raf1 Kh8 {/\ Rg8-g6=}) 17... Kh8 18. Qf3 Ng8 19. Rae1 Qg5 (19...
Qb6 20. Na4 $16) 20. e4 $1 Rad8 (20... Qd2 21. Rd1 $1 Qxc2 22. Rf2 $18) 21. Kh2
$1 Qd2 (21... dxe4 22. Rxe4) (21... N8e7 22. Nh5) 22. Rd1 $1 Qg5 23. exd5 cxd5
24. Qh5 $1 h6 25. Qf3 $1 Nh4 26. Qf4 Ng6 27. Qf3 Nh4 28. Qf4 Ng6 29. Qf2 N8e7
30. Qf6+ Qxf6 $6 (30... Kg8 $1 $16) 31. Rxf6 Ng8 32. Rf2 a6 $2 {xc5} 33. Na4 $1
Re7 34. Rdf1 Nf8 35. Nc5 a5 36. Bd3 b6 37. Nxe6 $1 Nxe6 38. Rxf7 Nxd4 39. Rxe7
Nxe7 40. Rf6 $1 (40. Rf7 Nec6 41. Nh5 Ne5 42. Re7 Ndc6 $1 (42... Nxd3 $2 43.
Nf6)) 40... Nec6 41. Rxh6+ Kg8 42. Nf5 Re8 43. Rg6+ Kf8 44. Rf6+ Kg8 45. Nxd4
Nxd4 46. Rd6 Re3 47. Ba6 $1 (47. Ba6 $1 Re5 (47... Nc2 48. Rxd5 Nb4 49. Rd8+
$18) 48. Rxd5 Rxd5 49. Bc4 $18) 1-0

[Event "Teheran FIDE GP (Women)"]
[Site "Teheran"]
[Date "2016.02.21"]
[Round "9"]
[White "Khademalsharieh, Sarasadat"]
[Black "Stefanova, Antoaneta"]
[Result "1-0"]
[WhiteElo "2403"]
[BlackElo "2509"]
[Annotator "Besenthal,K"]
[PlyCount "85"]
[EventDate "2016.02.11"]
[EventType "tourn"]
[EventRounds "11"]
[EventCountry "IRI"]
[EventCategory "11"]
[SourceTitle "CBM 171"]
[Source "ChessBase"]
[SourceDate "2016.03.14"]
[SourceVersion "2"]
[SourceVersionDate "2016.03.14"]
[SourceQuality "1"]

1. d4 d5 2. c4 e6 3. Nc3 Bb4 4. Nf3 dxc4 5. e3 b5 6. Bd2 c6 7. a4 a5 8. axb5
Bxc3 9. Bxc3 cxb5 10. b3 Bb7 11. bxc4 b4 12. Bb2 Nf6 13. Bd3 Nbd7 14. O-O O-O
15. Nd2 Qc7 16. f3 e5 17. Qc2 Rfe8 18. Rfc1 exd4 19. exd4 Qf4 20. Nf1 Ra7 21.
Qd1 Rc8 22. Ra2 Nb6 23. c5 Nbd5 24. Rca1 Rca8 25. Bb5 Nc7 26. Ba4 Bd5 27. Bc1
Qh4 28. Re2 Bc4 29. Re5 Rd8 30. Be3 Ne6 31. Ng3 Nd5 32. Bf2 Nc3 33. Qe1 Nxa4
34. Rxa4 Qf6 35. Ne4 Qg6 36. Nd6 Bb3 37. Ra1 {Diagramm [#]} h5 $2 {Ein
unmotivierter Vorstoß, der nicht nur die schwarze Königsstellung schwächt,
sondern auch das Feld g5 preisgibt.} 38. Qe3 a4 39. f4 Nc7 40. Rg5 {Diagramm 
[#]} Qe6 (40... Nd5 $1 41. Qg3 Qf6 42. Ne4 Qh6 {war notwendig, auch wenn die
Lage für Schwarz danach schwierig bleibt.}) 41. Qg3 Qh6 {Ein furchtbarer Zug!}
(41... g6 42. f5 {war auch nicht mehr spielbar.}) 42. Nf5 Qh8 43. Rxh5 1-0

[Event "Poikovsky Karpov 17th"]
[Site "Poikovsky"]
[Date "2016.08.01"]
[Round "9"]
[White "Kovalenko, Igor"]
[Black "Korobov, Anton"]
[Result "0-1"]
[WhiteElo "2667"]
[BlackElo "2656"]
[Annotator "Besenthal,K"]
[PlyCount "52"]
[EventDate "2016.07.23"]
[EventType "tourn"]
[EventRounds "9"]
[EventCountry "RUS"]
[EventCategory "18"]
[SourceTitle "CBM 174"]
[Source "ChessBase"]
[SourceDate "2016.09.13"]
[SourceVersion "1"]
[SourceVersionDate "2016.09.13"]
[SourceQuality "1"]

1. c4 e6 2. Nc3 d5 3. d4 c6 4. e3 Nd7 5. Qc2 a6 6. Nf3 f5 $6 {Diagramm [#]
Sehr ungewöhnlich! Objektiv betrachtet dürfte dies kein guter Zug sein: Der
Stonewall ist weniger empfehlenswert, wenn Weiß noch nicht g2-g3 gezogen hat,
und der Zug a7-a6 scheint auch nicht unbedingt nützlich zu sein. Aber:
Korobov hat einen halben Punkt Vorsprung in der Tabelle und spielt in der
letzten Runde scharf auf Gewinn - Respekt!} 7. b3 ({Die Computer empfehlen
hier aus offensichtlichen Gründen} 7. c5) 7... Bd6 {Jetzt gelangt der
schwarze Läufer auf die gute Diagonale.} 8. Bd3 Nh6 {Noch ein interessanter
Zug. Der Springer stünde auf f7 auf jeden Fall nicht schlecht, und f6 bleibt
für den Sd7 zugänglich.} 9. Bb2 Qe7 10. h3 (10. O-O $1 {Der Verzicht auf die
Rochade ist nicht sehr plausibel und rächt sich am Ende böse.}) 10... O-O 11.
c5 (11. g4 $2 {- eigentlich nicht untypisch für diese Variante - funktioniert
hier nicht gut:} fxg4 12. Bxh7+ Kh8 13. Nd2 Qh4 14. O-O-O gxh3 $17) 11... Bc7
12. Na4 Nf7 13. Nd2 e5 {Diagramm [#] Das weiße Spiel bis hierher wirkt
planlos - der Vorteil des Anziehenden ist komplett weg.} 14. Bxf5 e4 {Schwarz
hat Kompensation: Raumvorteil, f-Linie - und demnächst auch das Läuferpaar?}
15. Nxe4 $6 {Nein!} dxe4 16. Qxe4 Qg5 {Korobov spielt konsequent auf Angriff.
Der weiß König steht ja auch noch immer ungeschützt in der Brettmitte.} (
16... Qxe4 17. Bxe4 Nf6 18. Bd3 Re8 {war auch nicht schlecht - die weißen
Bauern wären blockiert geblieben.}) 17. Bxh7+ Kh8 18. h4 Qh6 19. Bg6 Nf6 20.
Qe7 Ba5+ 21. Bc3 Kg8 22. Bxa5 Qxg6 23. Nb6 Bg4 24. Qc7 {Führt zum raschen
"Ende mit Schrecken".} (24. Nxa8 Nd5 25. Qxf8+ (25. Qxb7 Qd3) 25... Kxf8 26.
Kd2 Qe4 27. Nb6 Bf5 28. Nxd5 cxd5 {wäre eher der "Schrecken ohne Ende"
gewesen.}) 24... Qd3 25. f3 Qxe3+ 26. Kf1 Bf5 {Für einen Spieler vom Kaliber
Kovalenkos war dies eine ziemlich schwere Niederlage.} 0-1

[Event "EU-ch 13th"]
[Site "Plovdiv"]
[Date "2012.03.28"]
[Round "8"]
[White "Matlakov, Maxim"]
[Black "Bologan, Viktor"]
[Result "1-0"]
[WhiteElo "2632"]
[BlackElo "2687"]
[Annotator "Bologan,V"]
[PlyCount "87"]
[EventDate "2012.03.20"]
[EventType "swiss"]
[EventRounds "11"]
[EventCountry "BUL"]
[SourceTitle "CBM 148"]
[Source "ChessBase"]
[SourceDate "2012.05.16"]
[SourceVersion "1"]
[SourceVersionDate "2012.05.16"]
[SourceQuality "1"]

1. d4 d5 2. c4 c6 3. Nc3 Nf6 4. Nf3 dxc4 5. a4 e6 {This modest move has become
very popular in the last year.} 6. e4 {The most aggressive reply.} ({The
alternative is the positional} 6. e3 c5 7. Bxc4) 6... Bb4 7. e5 {With this
move White practically assumes the responsibility tof playing without a pawn.
Instead, a possible move is} (7. Bg5 {after this move Black has two reasonable
responses:} {and} Bxc3+ (7... h6 {another interesting move which brought
Jakovenko two out of two.} 8. Bxf6 Qxf6 9. Bxc4 c5 10. e5 Qd8 11. O-O (11. d5
exd5 12. Bxd5 O-O 13. O-O Nc6 14. h3 Qe7 15. Qe2 Bf5 16. Rad1 Rad8 17. Rd2 Be6
$11 {Timofeev,A-Jakovenko,D/EU-ch 13th 2012}) 11... cxd4 12. Bb5+ (12. Nxd4 O-O
13. Qg4 Qc7 14. Nf3 Bxc3 15. bxc3 Nd7 16. Rfe1 b6 17. Rad1 Bb7 $15 {Babujian,
L-Melkumyan,H/72nd ch-ARM 2012}) 12... Bd7 13. Qxd4 Bxb5 14. Nxb5 Nc6 15. Qe4
O-O 16. Rac1 Qb6 $11 {Rapport,R-Jakovenko,D/27th ECC 2011}) 8. bxc3 Qa5 9. e5
Ne4 10. Bd2 Nxd2 11. Qxd2 c5 12. Bxc4 cxd4 13. Qxd4 (13. O-O dxc3 14. Qf4 Nc6
15. Bd3 Bd7 16. Ng5 O-O-O $1 {Yilmaz,M-Khairullin,I/13th EICC 2012}) (13. cxd4
Nc6 {=}) 13... Nc6 14. Qe3 Bd7 15. O-O Ne7 16. Bb5 Qc7 17. Rfd1 Bxb5 18. axb5
O-O $11 {Gupta,Ab-Eljanov,P/11th Aeroflot Open A 2012}) 7... Nd5 8. Bd2 b5 {
With this move Black is solving his problems on the queenside, and the only
question left is how to resist on the kingside.} 9. axb5 Bxc3 10. bxc3 cxb5 11.
Ng5 $1 {Beside the fact that the knight is bothering the kingside from g5, it
also plans to occupy the very tasty square on d6.} h6 {I consider this
stronger then} (11... Nc6 {which lately has brought Black many unpleasant
defeats} 12. Qh5 Qe7 13. h4 (13. Be2 $5 b4 14. O-O bxc3 15. Bc1 h6 $6 16. Ne4
O-O 17. Bg5 Qc7 18. Nf6+ $3 gxf6 19. exf6 Nxf6 20. Bxf6 Qf4 21. Qf3 Qxf3 22.
Bxf3 $14 {Fier,A-El Debs/78th ch-BRA 2011}) 13... b4 14. Bxc4 bxc3 15. Bc1 Nxd4
(15... Ncb4 16. O-O a5 17. Ba3 Rb8 18. Bxd5 exd5 19. e6 g6 20. exf7+ Qxf7 21.
Rfe1+ {1-0, Morozevich,A-Khairullin,I/Vladimir Petrov Mem Final 2012}) 16. O-O
h6 17. Bxd5 exd5 18. Ba3 Qc7 19. e6 {!} Bxe6 20. Nxe6 Nxe6 21. Qxd5 {
Morozevich,A-Jakovenko,D/Sochi 19th TCh-RUS 2012; with a very strong attack.})
12. Qh5 O-O ({Eljanov played against Anand} 12... g6 {but after} 13. Qh3 f5 14.
exf6 e5 15. g4 ({instead of} 15. f7+ Kf8 16. Ne6+ Ke7 17. Nxd8 Bxh3 18. gxh3
Rxd8 19. dxe5 Kxf7 20. Bg2 Nc6 $13 {Anand,V-Eljanov,P/Schachbundesliga 2011-12}
) 15... Qxf6 16. Ne4 Qe7 17. dxe5 Nc6 (17... Qxe5 18. Bg2 Nc6 19. O-O) 18. f4 {
White would get a considerable advantage.}) 13. Ne4 (13. h4 Nc6 14. Rh3 Nxc3 $5
15. Bxc3 b4 $1) 13... Nc6 14. h4 ({Instead White would take a draw after} 14.
Bxh6 gxh6 15. Qxh6 f5 16. Qg6+ Kh8 17. Qh6+ {1/2-1/2, Iljushina,O-Gunina,V/
11th TCh-RUS Women 2010}) (14. Be2 b4 15. Qg4 f5 16. exf6 Nxf6 17. Nxf6+ Rxf6
18. Bxc4 Na5 19. Bd3 Nb3 20. Qe4 Qd5 $1) 14... f5 $1 {A typical defensive idea
- of course the exchange on f6 is on Black's favour so White has to go for...}
15. Nd6 Bd7 16. Rh3 Be8 17. Qd1 Qe7 {The idea is to get rid of this annoying
knight on d6 by simply taking it with the rook. I didn't want to tolerate
anymore its presence on d6. But Houdini suggests as best the opposite - simply
to ignore it.} (17... Na5 $5 18. Be2 Nb3 19. Ra6 Nc7 20. Ra2 a5 $15) 18. g4 Rd8
19. g5 f4 $1 {Thanks to this strong pawn on f4 and the critical control by
Black of the h5-square Black holds.} 20. gxh6 gxh6 21. Nxb5 ({On} 21. Qe2 {
I would already go for} Rxd6 22. exd6 Qxd6 23. Bg2 e5 24. Qe4 Nde7 25. dxe5
Nxe5) 21... Nxe5 22. Rxa7 Qf6 (22... Rd7 $5 23. dxe5 Rxa7 24. Nxa7 Qxa7 25.
Bxc4 Qg7 26. Qe2 Bc6) 23. Na3 {Here my opponent went into very deep time
trouble which would play a bad joke on me.} (23. dxe5 Qxe5+ 24. Qe2 Qxe2+ 25.
Bxe2 Bxb5 26. Rh1 {would leave good practical chances for a draw.}) 23... Nd3+
24. Rxd3 $1 {A strong psychological decision.} (24. Bxd3 cxd3 25. Qg4+ Kh8 {
White should find} 26. Qg5 {in order not to lose immediately, but even after
this Black is better} Rg8 27. Qxf6+ Nxf6 28. Kf1 (28. Bxf4 Rg1+ 29. Kd2 Ne4+
30. Kxd3 Nxf2+ $19) 28... Ng4 29. Bxf4 Rf8 30. Bg3 d2 31. Ke2 Rxf2+ 32. Bxf2
Nxf2 33. Kxd2 Nxh3 $17) 24... cxd3 25. Bxd3 Qxh4 26. Qf3 Rf7 {Possible, but
the simplest was to maintain the tension with} (26... Qg5 27. c4 Nf6 $19 {
with too many threats}) 27. Rxf7 Bxf7 28. c4 Ne3 $2 ({Here I saw that I can go
for} 28... Bh5 29. Qe4 Nf6 30. Qxe6+ Kh8 {and White's checks are over
meanwhile Black has a mating attack, but I didn't focus on this and my mind
jumped to calculating ...Ne3, which I saw gives nothing. The result is that I
used up my time advantage and even forgot my initial idea to play ...Bh5.}) 29.
Qe4 Nf5 30. Nc2 Rb8 31. Bxf4 Rb1+ $6 ({The computer suggests the more subtle} 
31... Rb3 {maintaining a part of the advantage} 32. Bc7 Qe7 33. Be5 Bg6 34.
Qa8+ Kf7 $15) 32. Kd2 Qxf2+ 33. Kc3 {The king is very safe on c3 and here I
simply should accept the fact, that I am not better anymore and to go for a
draw, but I decided to play on my opponent's time...} Kh7 34. Be5 Rd1 35. Be2
Rc1 36. Bd3 h5 $4 ({The position is not so good anymore and already Black
should force a draw with} 36... Rd1 37. Be2 Rc1 $11) 37. Qa8 $1 $18 Kh6 38.
Qf8+ Kg5 39. Qxf7 Qe1+ 40. Kb3 Rb1+ 41. Ka2 Qc1 42. d5 Rb6 43. Qg8+ Kh6 44.
Qf8+ 1-0

[Event "POL-ch 52nd"]
[Site "Warsaw"]
[Date "1995.??.??"]
[Round "7"]
[White "Oliwa, Marek"]
[Black "Weglarz, Leszek"]
[Result "1-0"]
[WhiteElo "2405"]
[BlackElo "2365"]
[Annotator "Bulletin"]
[PlyCount "75"]
[EventDate "1995.02.11"]
[EventType "tourn"]
[EventRounds "17"]
[EventCountry "POL"]
[EventCategory "8"]
[SourceTitle "EXT 1999"]
[Source "ChessBase"]
[SourceDate "1998.11.16"]
[SourceVersion "1"]
[SourceVersionDate "1998.11.16"]
[SourceQuality "1"]

1. c4 e6 2. Nc3 d5 3. d4 Be7 4. cxd5 exd5 5. Bf4 c6 6. e3 Nd7 7. Bd3 Nf8 8. Nf3
Ng6 9. Bg3 Bd6 10. Qc2 N8e7 $6 11. Ne5 f5 12. h4 Nxe5 13. dxe5 Bb4 14. h5 Be6
15. Kf1 Bxc3 16. Qxc3 b6 17. Bh4 c5 18. Bb5+ Kf7 19. Rd1 Qc7 20. f4 Rhc8 21.
Rh3 d4 $2 (21... a6 22. Be2 Nc6) 22. exd4 Nd5 23. Qd2 cxd4 24. Qxd4 Qc5 25. Ba6
Qxd4 26. Rxd4 Rc1+ 27. Kf2 Rc2+ 28. Kg1 Nc7 29. Bf1 Rxb2 30. Rc3 Nd5 31. Rcd3
Nb4 32. Rd7+ $1 Kg8 (32... Bxd7 33. Rxd7+ Kf8 34. Bc4 $18) 33. Rd8+ Rxd8 34.
Rxd8+ Kf7 35. Bb5 g5 36. Bxg5 Bd5 37. Be8+ Kg7 38. h6+ 1-0

[Event "World Cup"]
[Site "Khanty-Mansiysk"]
[Date "2007.12.01"]
[Round "3.2"]
[White "Onischuk, Alexander"]
[Black "Shirov, Alexei"]
[Result "0-1"]
[WhiteElo "2674"]
[BlackElo "2739"]
[Annotator "CB"]
[PlyCount "84"]
[EventDate "2007.11.24"]
[EventType "k.o."]
[EventRounds "7"]
[EventCountry "RUS"]
[SourceTitle "CBM 122"]
[Source "ChessBase"]
[SourceDate "2008.01.30"]
[SourceVersion "1"]
[SourceVersionDate "2008.01.30"]
[SourceQuality "1"]

1. d4 d5 2. c4 e6 3. Nc3 c6 4. Nf3 dxc4 {A clever choice by Shirov - the
Noteboom Variation was never used by Alexey before. The good thing about this
variation is that the resulting positions are very sharp and double-edged.
Even with a good preparation it is difficult for White to achieve advantage
here, but for Onischuk the choice of his opponent has certainly been an
unpleasant surprise.} 5. e3 b5 6. a4 Bb4 7. Bd2 a5 8. axb5 Bxc3 9. Bxc3 cxb5
10. b3 Bb7 11. bxc4 b4 12. Bb2 Nf6 13. Bd3 O-O 14. O-O Nbd7 15. Re1 Ne4 16. Qc2
{Onischuk deviates from his own game. In spite of a quick win then, Black has
possibilities to improve.} (16. Nd2 Nxd2 17. Qxd2 Qc7 18. c5 Rfb8 19. Rac1 Qc6
$2 ({After the correct} 19... a4 {it is rather White who should be worried
about his position.}) 20. e4 a4 21. Qxb4 Ba6 22. d5 exd5 23. exd5 {and White
won soon in Onischuk,A (2650)-Schneider,D (2486)/San Diego 2006}) 16... f5 17.
c5 Qc7 18. Bb5 Bd5 19. Qe2 {Only this move is a novelty. The bad news for
White is that Black's chances are at least not worse.} ({I played once this
variation and remember that after} 19. Rec1 Ndf6 20. h3 {I wasn't very happy
with White's position and offered a draw, which was accepted, 1/2-1/2
Rogozenko,D (2562)-Apicella,M (2509)/Bucharest2000}) 19... Ndf6 20. h3 g5 $1 {
Black builds a strong attack and there is little White can do about that.} 21.
Ne5 g4 22. hxg4 (22. f3 gxf3 23. gxf3 Ng5 24. Kh1 Kh8 25. Rg1 Rg8 {also
doesn't solve White's defensive problems.}) 22... fxg4 23. Nd3 (23. Nxg4 Qg7
24. f3 Nxg4 {is hopeless for White}) 23... Qg7 24. Nf4 Qh6 25. Rf1 g3 $1 26.
Nh3 gxf2+ 27. Rxf2 (27. Nxf2 Ng3 {and mate on h1}) 27... Nxf2 28. Nxf2 Bxg2 $1
{As usual bad things never come alone} 29. Kxg2 Ra7 30. Rh1 Qg6+ 31. Kf1 Ng4
32. Be8 {Nice, but in vain. Black is completely winning.} Qb1+ 33. Kg2 Rxf2+
34. Qxf2 Qxh1+ 35. Kxh1 Nxf2+ 36. Kg2 Nd1 37. Bc1 b3 38. e4 b2 39. Bxb2 Nxb2
40. Bb5 a4 41. d5 exd5 42. exd5 a3 {A very painful defeat for Alexander
Onischuk, who found himself in a lost position without making visible mistakes.
On the other hand the game is a deserved victory for Shirov, who demonstrated
a subtle opening preparation.} 0-1